000 00497nam a2200145Ia 4500
008 090122s9999 xx 000 0 und d
082 _b8227
_a891.463
100 _aअर्नाळकर
_bबाबुराव
245 _aझुंजार आणि कपटजाल
600 _aअर्नाळकर
630 _aझुंजार आणि कपटजाल
700 _aअर्नाळकर
730 _aझुंजार आणि कपटजाल
942 _cBOOK
999 _c32304
_d32304